MARC details
| 000 -CABECERA |
| campo de control de longitud fija |
01898cas a2200301 a 4500 |
| 005 - FECHA Y HORA DE LA ÚLTIMA TRANSACCIÓN |
| campo de control |
20250930085532.0 |
| 006 - ELEMENTOS DE LONGITUD FIJA – CARACTERÍSTICAS DE MATERIALES ADICIONALES – INFORMACIÓN GENERAL |
| campo de control de longitud fija |
s|||||o|||| 00| 0 |
| 008 - ELEMENTOS DE LONGITUD FIJA--INFORMACIÓN GENERAL |
| campo de control de longitud fija |
991125c2010 sp fr p o 000 0 spa d |
| 022 ## - NÚMERO INTERNACIONAL NORMALIZADO PARA PUBLICACIONES SERIADAS |
| Número Internacional Normalizado para Publicaciones Seriadas |
2171-9624 |
| 035 ## - NÚMERO DE CONTROL DEL SISTEMA |
| Número de control de sistema |
UPN01000202295 |
| 040 ## - FUENTE DE LA CATALOGACIÓN |
| Centro catalogador/agencia de origen |
MX-MxUPN |
| Lengua de catalogación |
spa |
| Normas de descripción |
aacr2 |
| Centro/agencia transcriptor |
MX-MxUPN |
| 049 ## - COLECCIÓN |
| Colección |
REV-E |
| 245 00 - MENCIÓN DE TÍTULO |
| Título |
Álabe |
| Resto del título |
: revista de investigación sobre lectura y escritura |
| Medio |
[recurso electrónico en línea] |
| 260 ## - PUBLICACIÓN, DISTRIBUCIÓN, ETC. |
| Lugar de publicación, distribución, etc. |
España : |
| Nombre del editor, distribuidor, etc. |
Universidad de Almería y Red Internacional de Universidades Lectoras, |
| Fecha de publicación, distribución, etc. |
2010- |
| 310 ## - FRECUENCIA ACTUAL DE LA PUBLICACION |
| Periodicidad actual |
Semestral |
| 506 0# - NOTA DE RESTRICCIONES AL ACCESO |
| Limitaciones de acceso |
Acceso abierto |
| 510 1# - NOTA DE CITAS O REFERENCIAS BIBLIOGRÁFICAS |
| Nombre de la fuente |
Dialnet |
| 510 1# - NOTA DE CITAS O REFERENCIAS BIBLIOGRÁFICAS |
| Nombre de la fuente |
Iresie |
| 510 1# - NOTA DE CITAS O REFERENCIAS BIBLIOGRÁFICAS |
| Nombre de la fuente |
Doaj |
| 520 1# - NOTA DE RESUMEN, ETC. |
| Sumario, etc. |
"Es una publicación de la Red Internacional de Universidades Lectoras que tiene como fin específico el estudio de la lectura y la escritura en el ámbito de la Educación Superior desde una perspectiva multidisciplinar. De forma complementaria, abordará temas de cultura, pensamiento o ciencia que tengan relación con la cultura escrita en todas sus dimensiones. Por tanto, están invitadas a participar todas aquellas personas que, desde dicho ámbito, deseen aportar sus conocimientos al campo científico en cuestión. Se edita en formato digital con el objeto de facilitar su distribución y el acceso libre a la información, aprovechando las ventajas de la tecnología para acercarse a un público amplio desde una perspectiva ecléctica e integradora. Está dirigida a investigadores, profesores, bibliotecarios, estudiantes de educación superior y en general a todas aquella personas interesadas en acceder a información científica sobre las temáticas ofrecidas por la revista". |
| 650 #4 - ASIENTO SECUNDARIO DE MATERIA - TERMINO TEMATICO |
| Término de materia o nombre geográfico como elemento de entrada |
Educación superior |
| 9 (RLIN) |
32 |
| 650 #4 - ASIENTO SECUNDARIO DE MATERIA - TERMINO TEMATICO |
| Término de materia o nombre geográfico como elemento de entrada |
Lectura |
| 9 (RLIN) |
13351 |
| 650 #4 - ASIENTO SECUNDARIO DE MATERIA - TERMINO TEMATICO |
| Término de materia o nombre geográfico como elemento de entrada |
Escritura |
| 9 (RLIN) |
13353 |
| 856 40 - LOCALIZACIÓN Y ACCESO ELECTRÓNICOS |
| Identificador Uniforme del Recurso |
<a href="http://revistaalabe.com/index/alabe/index">http://revistaalabe.com/index/alabe/index</a> |
| 902 ## - ELEMENTOS DE DATOS B LOCAL, LDB (RLIN) |
| Creó |
Gloria Jiménez/300925 |
| 905 ## - TIPO DE MATERIAL |
| Tipo de material |
Revista |
| 942 ## - ELEMENTOS DE PUNTO DE ACCESO ADICIONAL (KOHA) |
| Tipo de ítem Koha |
Revista Electrónica |